000 00744nam a2200205 i 4500
001 134511
003 ES-MaACL
005 20251120144416.0
007 t|
008 070911s1972 sp ||||1| spa d
100 0 _aWhitman, Walt,
_d1819-1892
_9116708
245 1 0 _aHojas de hierba /
_cWalt Whitman ; selección, traducción y prólogo de Jorge Luis Borges ; estudio crítico de Guillermo Nolasco Juarez ; grabados de Antonio Berni.
260 _aBarcelona :
_bLumen,
_c1972.
300 _a162 p. :
_bil. ;
_c18 cm.
700 1 _aBorges, Jorge Luis,
_d1899-1986
_9242526
700 1 _aNolasco Juárez, Guillermo.
_985908
700 1 _aBerni, Antonio.
_928335
852 _aES-MaACL
_jC-53199
_bR.84143
999 _c134511
_d134511